| 000 | 00721nam a2200193 a 4500 | ||
|---|---|---|---|
| 005 | 20140412111238.0 | ||
| 008 | 010710s19uu xx 00 eng d | ||
| 020 | _a1-57584-034-0 | ||
| 050 |
_aM 611 _bN424 1996 |
||
| 100 | _aNigel, Nelson | ||
| 245 |
_aLooking into my body / _cwritten by Nigel Nelson; illustrations by Simone Abel. |
||
| 260 |
_bJoshua Morris Publishing, Inc, _c1996. |
||
| 300 | _a1v. (unp.) ; ill. | ||
| 440 | _aReader's Digest | ||
| 520 | _aLooking Into. . . My Body features simple, scientifically correct illustrations on specially designed "see;-through" windows that reveal tha amazing workings of the human body. | ||
| 650 | _aBody-Juvenile literature | ||
| 650 | _a | ||
| 999 |
_c102561 _d102561 |
||